<The> Challenges of Local Government Financing in the Light of European Union Regional Policy Conference Proceedings of the International Conference, 16.4.2018, Gdansk, Poland

Salvato in:
Dettagli Bibliografici
Enti autori: <The> Challenges of Local Government Financing in the Light of European Union Regional Policy. International Conference, <The> Gdansk University. Centre for Self-Government and Financial Law
Altri autori: Mrkývka, Petr, Gliniecka, Jolanta, Boháč, Radim, Borszowski, Pawel
Natura: Libro
Lingua:inglese
Pubblicazione: Brno Masaryk University 2018
Edizione:1st Edition
Serie:Scientia no. 636
Soggetti:
Tags: Aggiungi Tag
Nessun Tag, puoi essere il primo ad aggiungerne!!

MARC

LEADER 00000nlm a2200000 4500
001 0249969
005 20240826114515.5
020 |a 978-80-210-9087-3 
041 0 |a eng 
044 |a CZ 
245 1 0 |a <The> Challenges of Local Government Financing in the Light of European Union Regional Policy  |b Conference Proceedings of the International Conference, 16.4.2018, Gdansk, Poland  |c Editors: Petr Mrkývka, Jolanta Gliniecka ...[et al.] ; Reviewers: Radim Boháč, Pawel Borszowski ...[et al.] 
250 |a 1st Edition 
264 1 |a Brno  |b Masaryk University  |c 2018 
300 |a online 640 s. 
490 1 |a Scientia  |v no. 636 
830 0 |a Scientia  |v no. 636 
610 2 0 |a správa miestna 
610 2 0 |a financovanie 
610 2 0 |a príjmy 
610 2 0 |a dane miestne 
610 2 0 |a správa finančná 
610 2 0 |a politika regionálna 
610 2 0 |a legislatíva 
610 2 0 |a Európska únia 
700 1 |a Mrkývka, Petr 
700 1 |a Gliniecka, Jolanta 
700 1 |a Boháč, Radim 
700 1 |a Borszowski, Pawel 
110 2 |a <The> Challenges of Local Government Financing in the Light of European Union Regional Policy. International Conference 
710 2 |a <The> Gdansk University. Centre for Self-Government and Financial Law